000
00318nam a2200133Ia 4500
005
20260328101517.0
008
260328s9999||||xx |||||||||||||| ||und||
100
_a
Allen, Bruce C.
245
0
_a
Cottage Building /
_c
Bruce C. Allen
260
_b
Crosby Lockwood
300
_a
160 p.
650
_a
VIVIENDA
942
_c
BK
999
_c
9439
_d
9439